| 000 | 00703cam a22002292 4500 | ||
|---|---|---|---|
| 001 | 0000020504 | ||
| 005 | 20151217152216.0 | ||
| 008 | 110920s xx 000 0 eng d | ||
| 020 | _a1840760842 : | ||
| 040 |
_aKABU _cKABU |
||
| 100 | 1 |
_aSchwab, Larry. _@0000180903 |
|
| 245 | 1 | 0 |
_aEye care in developing nations / _cLarry Schwab. |
| 250 | _a4th ed. | ||
| 260 |
_aLondon : _bManson, _c2007. |
||
| 300 | _a272 p. | ||
| 650 | 0 |
_aOphthalmology _zDeveloping countries. _@0000180904 |
|
| 650 | 0 |
_aEye _xDiseases _zDeveloping countries. _@0000180905 |
|
| 650 | 0 |
_aEye _xDiseases _xDiagnosis. _@0000180906 |
|
| 852 | 1 | _9p3250 KES | |
| 908 | _a110920 | ||
| 950 | _@1 | ||
| 999 |
_c9368 _d9368 |
||